[Event "Pereira Grajales Memorial"]
[Site "Pereira"]
[Date "2024.06.08"]
[Round "2"]
[White "Benavides Ramirez, Ricardo Alfonso"]
[Black "Cruz Duque, Esteban"]
[Result "1-0"]
[WhiteElo "1818"]
[BlackElo "1628"]
[PlyCount "75"]
[EventDate "2024.06.07"]
[EventType "swiss"]
[EventRounds "7"]
[EventCountry "COL"]
[SourceTitle "CBM 220 Extra"]
[Source "ChessBase"]
[SourceDate "2024.07.31"]
[SourceVersion "1"]
[SourceVersionDate "2024.07.31"]
[SourceQuality "1"]

1. e4 e6 2. d4 d5 3. e5 c5 4. c3 Nc6 5. Nf3 Qb6 6. Bd3 cxd4 7. 0-0 Bd7 8. Nbd2 Nge7 9. Qe2 dxc3 10. bxc3 Ng6 11. g3 Qc7 12. Re1 Bc5 13. h4 f6 14. Nb3 Bb6 15. Bxg6+ hxg6 16. Bf4 f5 17. Bg5 a5 18. Nbd4 Ne7 19. a4 Rc8 20. Rec1 Qc4 21. Qb2 Bxd4 22. cxd4 Qb4 23. Qa2 Rxc1+ 24. Rxc1 Qxa4 25. Qxa4 Bxa4 26. Ra1 b5 27. Rc1 b4 28. Rc7 Bd7 29. Ra7 a4 30. Bd2 b3 31. Bc1 Nc8 32. Rb7 Ne7 33. Ba3 Nc6 34. Kf1 Na5 35. Rb8+ Bc8 36. Rxc8+ Kd7 37. Rxh8 b2 38. Bxb2 1-0

[Event "COL-ch sf"]
[Site "Pereira"]
[Date "2024.03.28"]
[Round "5"]
[White "Benavides Ramirez, Ricardo Alfonso"]
[Black "Zuluaga, Nicolas"]
[Result "0-1"]
[WhiteElo "1903"]
[BlackElo "1765"]
[PlyCount "101"]
[EventDate "2024.03.26"]
[EventType "swiss"]
[EventRounds "11"]
[EventCountry "COL"]
[SourceTitle "CBM 219 Extra"]
[Source "ChessBase"]
[SourceDate "2024.05.31"]
[SourceVersion "1"]
[SourceVersionDate "2024.05.31"]
[SourceQuality "1"]

1. e4 d5 2. exd5 Nf6 3. Nf3 Bg4 4. Be2 Nxd5 5. d4 e6 6. 0-0 Bd6 7. g3 Nd7 8. c4 N5f6 9. c5 Be7 10. Nc3 c6 11. Be3 Nd5 12. Nxd5 exd5 13. Ne5 Bxe2 14. Qxe2 0-0 15. Qd3 Re8 16. b4 a6 17. a4 Nxe5 18. dxe5 f6 19. f4 fxe5 20. fxe5 Bg5 21. Bd4 Rf8 22. e6 Qe7 23. Qe2 Rae8 24. Rae1 Bf6 25. Qd3 Bxd4+ 26. Qxd4 Rxf1+ 27. Kxf1 Qf6+ 28. Qf4 Qxf4+ 29. gxf4 g6 30. Re5 Kg7 31. b5 axb5 32. axb5 Kf6 33. bxc6 bxc6 34. e7 Rxe7 35. Rg5 Re4 36. Rg3 Rxf4+ 37. Ke2 h5 38. Ra3 Rc4 39. Ra5 Ke5 40. Kd3 Kf4 41. Ra8 Rxc5 42. Rf8+ Kg4 43. Rf6 Kg5 44. Rf3 Rc4 45. Rg3+ Rg4 46. Re3 Kf5 47. Rf3+ Rf4 48. Re3 c5 49. Re8 Rf3+ 50. Ke2 Rh3 51. Rf8+ 0-1

[Event "Pereira Pelaez Memorial"]
[Site "Pereira"]
[Date "2021.06.05"]
[Round "2"]
[White "Benavides Ramirez, Ricardo Alfonso"]
[Black "Quiros, Juan Pablo"]
[Result "1-0"]
[WhiteElo "1810"]
[BlackElo "2019"]
[PlyCount "81"]
[EventDate "2021.06.04"]
[EventType "swiss"]
[EventRounds "7"]
[EventCountry "COL"]
[SourceTitle "CBM 202 Extra"]
[Source "ChessBase"]
[SourceDate "2021.07.31"]
[SourceVersion "1"]
[SourceVersionDate "2021.07.31"]
[SourceQuality "1"]

1. e4 c6 2. d4 d5 3. Nc3 dxe4 4. Nxe4 Nf6 5. Nxf6+ exf6 6. c3 Bd6 7. Bd3 0-0 8. Qc2 Re8+ 9. Be3 h6 10. 0-0-0 Nd7 11. Nf3 Qa5 12. Kb1 Nf8 13. h4 Bg4 14. Rde1 Ne6 15. Qd2 Bf5 16. g4 Bxg4 17. Nh2 Bf5 18. Reg1 Kf8 19. Rg2 h5 20. Ka1 g6 21. Nf1 Qd5 22. Rgg1 b5 23. Bh6+ Ke7 24. Ne3 Qf3 25. Be2 Qxf2 26. Rg2 Qxg2 27. Nxg2 Be4 28. Bd3 Bd5 29. Re1 Bg3 30. Rf1 f5 31. Nf4 Nxf4 32. Bxf4 Bxh4 33. Bg5+ Bxg5 34. Qxg5+ Kd7 35. b3 Rad8 36. c4 bxc4 37. bxc4 Be6 38. d5 cxd5 39. cxd5 Bxd5 40. Bb5+ Bc6 41. Qd2+ 1-0

[Event "Pereira Pelaez Memorial"]
[Site "Pereira"]
[Date "2021.06.05"]
[Round "3"]
[White "Coca Cubillos, Jesus Alberto"]
[Black "Benavides Ramirez, Ricardo Alfonso"]
[Result "1/2-1/2"]
[WhiteElo "2055"]
[BlackElo "1810"]
[PlyCount "101"]
[EventDate "2021.06.04"]
[EventType "swiss"]
[EventRounds "7"]
[EventCountry "COL"]
[SourceTitle "CBM 202 Extra"]
[Source "ChessBase"]
[SourceDate "2021.07.31"]
[SourceVersion "1"]
[SourceVersionDate "2021.07.31"]
[SourceQuality "1"]

1. f4 Nf6 2. Nf3 d5 3. e3 Bg4 4. d4 e6 5. Bd3 Nbd7 6. 0-0 Be7 7. Nbd2 0-0 8. c3 Rc8 9. Qc2 c5 10. Ne5 c4 11. Nxg4 cxd3 12. Nxf6+ Nxf6 13. Qxd3 Qd7 14. e4 dxe4 15. Nxe4 Ng4 16. h3 Nh6 17. Rf2 f5 18. Nd2 Nf7 19. Nf3 Bf6 20. Bd2 Nd6 21. Re1 Ne4 22. Rfe2 Rce8 23. Bc1 a6 24. Nd2 Nd6 25. b3 Nb5 26. a4 Nxc3 27. Re5 Bxe5 28. fxe5 Nd5 29. Ba3 Rf7 30. Nc4 Rd8 31. a5 Nf4 32. Qg3 Qxd4+ 33. Kh2 Nh5 34. Qg5 Qf4+ 35. Qxf4 Nxf4 36. Bd6 Nd3 37. Re3 Nf2 38. Nd2 Rfd7 39. Kg1 Ne4 40. Nxe4 fxe4 41. Rxe4 Rxd6 42. exd6 Rxd6 43. Rb4 Rd7 44. Kf2 Kf7 45. Ke3 Kf6 46. Rb6 Ke5 47. b4 g6 48. b5 axb5 49. Rxb5+ Kf6 50. Rb6 Ke5 51. Rb5+ 1/2-1/2

[Event "Pereira op-B"]
[Site "Pereira"]
[Date "2021.02.27"]
[Round "4"]
[White "Rodriguez Valencia, Sebastian"]
[Black "Benavides Ramirez, Ricardo Alfonso"]
[Result "1-0"]
[WhiteElo "1769"]
[BlackElo "1846"]
[PlyCount "77"]
[EventDate "2021.02.25"]
[EventType "swiss"]
[EventRounds "7"]
[EventCountry "COL"]
[SourceTitle "EXT 2022"]
[Source "ChessBase"]
[SourceDate "2021.10.06"]
[SourceVersion "1"]
[SourceVersionDate "2021.10.06"]
[SourceQuality "1"]

1. d4 Nf6 2. c4 g6 3. Nc3 Bg7 4. g3 d6 5. Bg2 Nbd7 6. e3 0-0 7. Nge2 e5 8. 0-0 c6 9. b3 Qe7 10. Ba3 c5 11. dxc5 dxc5 12. Nd5 Nxd5 13. cxd5 Rb8 14. Rc1 b6 15. d6 Qd8 16. b4 Bb7 17. bxc5 Bxg2 18. Kxg2 bxc5 19. Qa4 Rb7 20. Rfd1 Qa8 21. Kg1 h5 22. Nc3 h4 23. Qxh4 Bf6 24. Qg4 Kg7 25. Ne4 Bd8 26. Nxc5 Nxc5 27. Rxc5 f5 28. Qc4 Rd7 29. Qe6 Rff7 30. Qxe5+ Bf6 31. Qd5 Qh8 32. Rdc1 Qh3 33. Rc7 Kf8 34. Rxd7 Rxd7 35. Rc7 f4 36. exf4 a5 37. Qc6 Qg4 38. Rxd7 Qd1+ 39. Kg2 1-0

[Event "Risarald op"]
[Site "Risarald"]
[Date "2015.06.15"]
[Round "7"]
[White "Sanchez, Carlos Andres"]
[Black "Benavides Ramirez, Ricardo Alfonso"]
[Result "0-1"]
[WhiteElo "1761"]
[BlackElo "1600"]
[PlyCount "72"]
[EventDate "2015.06.12"]
[EventType "swiss"]
[EventRounds "7"]
[EventCountry "COL"]
[SourceTitle "CBM 167 Extra"]
[Source "ChessBase"]
[SourceDate "2015.09.14"]
[SourceVersion "1"]
[SourceVersionDate "2015.09.14"]
[SourceQuality "1"]

1. e4 e6 2. d4 d5 3. e5 c5 4. c3 Nc6 5. Nf3 Qb6 6. Bd3 Bd7 7. Bc2 Nge7 8. dxc5 Qxc5 9. Be3 Qa5 10. b4 Qc7 11. Bd4 Ng6 12. Bxg6 hxg6 13. a3 Be7 14. Nbd2 f6 15. Qe2 0-0-0 16. b5 Na5 17. Rb1 b6 18. 0-0 Rdf8 19. a4 Kb7 20. c4 g5 21. cxd5 exd5 22. Rfc1 Qb8 23. e6 g4 24. Nh4 Bc8 25. g3 Re8 26. Ng6 Rhg8 27. Nxe7 Rxe7 28. Rc6 Nxc6 29. bxc6+ Ka8 30. Qb5 Qc7 31. a5 bxa5 32. Bc5 Rxe6 33. Bf8 Rxf8 34. Nb3 Rxc6 35. Nxa5 Rc1+ 36. Kg2 Rxb1 0-1

[Event "Risarald op"]
[Site "Risarald"]
[Date "2015.06.14"]
[Round "5"]
[White "Zuluaga, Nicolas"]
[Black "Benavides Ramirez, Ricardo Alfonso"]
[Result "1-0"]
[WhiteElo "1841"]
[BlackElo "1600"]
[PlyCount "93"]
[EventDate "2015.06.12"]
[EventType "swiss"]
[EventRounds "7"]
[EventCountry "COL"]
[SourceTitle "CBM 167 Extra"]
[Source "ChessBase"]
[SourceDate "2015.09.14"]
[SourceVersion "1"]
[SourceVersionDate "2015.09.14"]
[SourceQuality "1"]

1. e4 e6 2. d4 d5 3. e5 c5 4. c3 Nc6 5. Nf3 Qb6 6. Bd3 Bd7 7. Bc2 Nge7 8. b3 Ng6 9. h4 Be7 10. h5 Nf8 11. Be3 0-0-0 12. a3 f6 13. b4 c4 14. Bf4 h6 15. Nbd2 Nh7 16. Qe2 Ng5 17. Nh4 fxe5 18. Bxe5 Nxe5 19. Qxe5 Qd6 20. Qe3 Rhf8 21. Ng6 Rf6 22. f4 Nf7 23. 0-0-0 Nh8 24. Ne5 a5 25. Ndf3 axb4 26. axb4 Rdf8 27. g3 Be8 28. Rde1 g6 29. Ng4 gxh5 30. Nxf6 Rxf6 31. Ne5 Ng6 32. Kb2 Qb6 33. Nxg6 Bxg6 34. Bxg6 Rxg6 35. Kc2 h4 36. g4 Rxg4 37. Qxe6+ Qxe6 38. Rxe6 Kd7 39. Rhe1 Bd6 40. f5 h3 41. Rxh6 Rg2+ 42. Kd1 Bf4 43. Rh7+ Kc6 44. Re6+ Kb5 45. Rxh3 Ka4 46. f6 Kb3 47. f7 1-0